000 00500nam a2200193 a 4500
001 1759931644874
003 YourLibrary
005 20251010105902.0
008 251008s2008##################000#0#eng##
020 _a9780199282098
082 0 4 _a188
_bFIT
100 1 _aFitch, John G.,
_eauthor.
245 1 0 _aSeneca :
260 _bOxford University Press on Demand,
_c2008.
300 _a438 pages
650 0 _aLiterary Criticism.
942 _cENGLISH
040 _aYourLibrary
_beng
_cYourLibrary
999 _c591390
_d591390